|
|
|
|
| LEADER |
00732nnm a2200169 i 4500 |
| 001 |
eta231 |
| 005 |
20180813154635.0 |
| 008 |
180515s2010 hu o 0|| hun d |
| 040 |
|
|
|a SZTE Elektronikus Tananyag Archívum
|b hun
|
| 041 |
|
|
|a hun
|
| 245 |
0 |
0 |
|a Apró- és nagyvadgazdálkodás
|h [elektronikus dokumentum] :
|b segédlet vadgazdálkodási technológus hallgatóknak
|
| 260 |
|
|
|a Szegedi Tudományegyetem Mezőgazdasági Kar Állattudományi és Vadgazdálkodási Intézet
|b Hódmezővásárhely
|c 2010
|
| 300 |
|
|
|a 111
|
| 516 |
|
|
|a Book
|
| 650 |
|
4 |
|a Mezőgazdaság-tudományok
|
| 650 |
|
4 |
|a Mezőgazdaság, erdészet, halászat
|
| 856 |
4 |
0 |
|u https://eta.bibl.u-szeged.hu/231/1/apro_es_nagyvadgazdalkodas_segedlet_techn.pdf
|z Dokumentum-elérés
|